00728nam a22001577a 4500008004000000050002100040111008400061245008400145260009200229300002200321650006300343700003200406711005100438711004000489711004100529140715t mx||||| |||| 00| 0 spa d04aPQ7103bF47 1983 a2o. Festival Internacional de PoesíacMorelia, Michoacán de Ocampo)d1983 )10a2o. Festival internacional de poesía del 24 al 30 de octubrec/ Carlos Oliva. aMorelia, Michoacán de Ocampo, México :bGobierno del Estado de Michoacán,c1983. a[s.p.] : c21 cm. 72LEMBaPoesía xFestivalzMichoacán de Ocampo, México1 aOliva, Carlos,d[1955- ]1 aMéxico.cInstituto Nacional de Bellas Artes 2 aUniversidad Autónoma de México 2 aUniversidad Michoacana San Nicolás